00570nam a2200157Ia 4500008004100000100001900041245011400060245001900174260005900193260000900252650001800261650001500279856002600294999001900320952007300339170221s9999 xx 000 0 und d aYoung Joon Lim 4aThe New Leader of North Korea: Comparative Coverage of Kim Jong Un By U.S., Chinese, And Japanese Newspapers  cYoung Joon Lim bOnline Journal of Communication and Media Technologies c2016 xCommunication xMedia Arts uhttp://www.ojcmt.net/ c309184d309184 001040aCLbCLd2017-02-21l0r2017-02-21 00:00:00w2017-02-21yFOJ